LEADER 00812nam0-22002891i-450- 001 990006778860403321 005 20001010 035 $a000677886 035 $aFED01000677886 035 $a(Aleph)000677886FED01 035 $a000677886 100 $a20001010d--------km-y0itay50------ba 101 0 $aita 105 $ay-------001yy 200 1 $aVICTORIAN values$epersonalities and perspectives in nineteenth-century society$fEdited by Gordon Marsden 210 $aLondon-New York$cLongman$d1990. 215 $aVIII, 232 p. tav. 21 cm 676 $a306.0941 702 1$aMarsden,$bGordon 801 0$aIT$bUNINA$gRICA$2UNIMARC 901 $aBK 912 $a990006778860403321 952 $aXIV B 1322$b21256$fFSPBC 959 $aFSPBC 996 $aVICTORIAN values$9634639 997 $aUNINA DB $aGEN01 LEADER 00921nam0-22003011i-450- 001 990006665990403321 005 20001010 035 $a000666599 035 $aFED01000666599 035 $a(Aleph)000666599FED01 035 $a000666599 100 $a20001010d--------km-y0itay50------ba 101 0 $aita 105 $ay-------001yy 200 1 $aFINANZA innovativa$eanalisi e proposte per lo sviluppo del sistema finanzario italiano$estudio FIDEURAM$fcommentato daMario Arcelli... [e altri]$gA cura di Enrico Arcelli 210 $aMilano$cEd. del Sole 24 Ore$d1986 215 $a187 p., 21 cm 225 1 $aStudi e convegni 702 1$aArcelli,$bEnrico 702 1$aArcelli,$bMario$f<1935-2004> 801 0$aIT$bUNINA$gRICA$2UNIMARC 901 $aBK 912 $a990006665990403321 952 $aVI B 87$b6922$fFSPBC 959 $aFSPBC 996 $aFINANZA innovativa$9612589 997 $aUNINA DB $aGEN01 LEADER 01421nam--2200397---450- 001 990003075490203316 005 20080305172339.0 035 $a000307549 035 $aUSA01000307549 035 $a(ALEPH)000307549USA01 035 $a000307549 100 $a20080305d2001----km-y0itay0103----ba 101 0 $aita-gre 102 $aIT 105 $a||||||||001yy 200 1 $aAnnona militaris$edie Heeresversorgung im spatantiken Agypten$eein Beitrag zur Verwaltungs- und Heeresgeschichte des Romischen Reiches im 3. bis 6. Jh. n. Chr.$fFritz Mitthof 210 $aFirenze$cGonnelli$d2001 215 $a2 v. (XVI, 638 p. compless.)$d31 cm 225 2 $aPapyrologica Florentina$v32 327 $a : Darstellung. - XVI, 293 p. - : Katalog. - 296-638 p. 410 0$12001$aPapyrologica Florentina 606 $aAnnona$yEgitto antico$zSec. 3.-6.$xFonti manoscritte 606 $aAnnona romana$yEgitto antico$zSec. 3.-6.$xFonti manoscritte 606 $aPapiri greci 676 $a481.1 700 $aMITTHOF,$bFritz$0451163 801 0$aIT$bsalbc$gISBD 912 $a990003075490203316 951 $aV.1.G. 203/1$b205454 LM$cV.1.G.$d00067775 951 $aV.1.G. 203/2$b205455 LM$cV.1.G.$d00067774 959 $aBK 969 $aUMA 979 $aSENATORE$b90$c20080305$lUSA01$h1722 979 $aSENATORE$b90$c20080305$lUSA01$h1723 996 $aAnnona militaris$9145552 997 $aUNISA